000 00549nam a2200193Ia 4500
005 20250423094913.0
008 250422s9999 xx 000 0 und d
020 _a9781292039633
050 _aQA 76.9.A25 .P36/
100 _aBoyle, Randy J.
245 0 _aCorporate computer security
250 _a3th ed.
260 _aUnited States
260 _bPearson
260 _c2014
300 _a616 p
650 _aComputer security. Computer networks--Security measures. Electronic data processing departments--Security measures.
942 _cBK
999 _c28644
_d28644